| 000 | 01180cam a22003255a 4500 | ||
|---|---|---|---|
| 001 | 016742036 | ||
| 003 | OSt | ||
| 005 | 20150928141207.0 | ||
| 008 | 140613s2014 enk frb 001 0 eng d | ||
| 020 | _a9781403995889 (hbk.) | ||
| 020 | _a9781403995896 (pbk.) | ||
| 040 |
_aStDuBDS _beng _cStDuBDS _dUk _dEG-ScBUE |
||
| 082 | 0 | 4 |
_a338.91091724 _bBER _222 |
| 100 | 1 |
_aBerger, Mark T., _d1955- _938375 |
|
| 245 | 1 | 0 |
_aRethinking the third world : _binternational development and world politics / _cMark T. Berger and Heloise Weber. |
| 250 | _a1st ed. | ||
| 260 |
_aHampshire ; _aNew York : _bPalgrave Macmillan, _c2014. |
||
| 300 |
_axiv, 186 p. ; _b23 cm. |
||
| 490 | 0 | _aRethinking world politics | |
| 500 | _aIndex : p. 183-186. | ||
| 504 | _aBiblioghraphy : p.165-182. | ||
| 650 | 0 |
_aEconomic development _zDeveloping countries. _2BUEsh _930276 |
|
| 650 | 0 |
_aCommunity development _zDeveloping countries. _2BUEsh |
|
| 651 | 0 |
_aDeveloping countries _xEconomic policy. _2BUEsh |
|
| 651 | 0 |
_aDeveloping countries _xSocial policy. _2BUEsh |
|
| 653 |
_bCOMAME _cJune2015 _cAugust2015 |
||
| 655 |
_vReading book _934232 |
||
| 700 | 1 | _aWeber, Heloise. | |
| 942 |
_k338.91091724 BER _2ddc |
||
| 999 |
_c19713 _d19685 |
||